企業決戦:三井三菱(上)

Tallennettuna:
Bibliografiset tiedot
Päätekijä: 小堺昭三
Aineistotyyppi: Kirja
Kieli:Undetermined
Julkaistu: 東京 三角書店 1992
Aiheet:
Tagit: Lisää tagi
Ei tageja, Lisää ensimmäinen tagi!
Thư viện lưu trữ: Trung tâm Học liệu Trường Đại học Cần Thơ
LEADER 00483nam a2200193Ia 4500
001 CTU_95176
008 210402s9999 xx 000 0 und d
082 |a 338.8 
082 |b S559 
100 |a 小堺昭三 
245 0 |a 企業決戦:三井三菱(上) 
245 0 |c 小堺昭三 
260 |a 東京 
260 |b 三角書店 
260 |c 1992 
650 |a Corporations 
650 |x Japan 
904 |i Ngoc 
980 |a Trung tâm Học liệu Trường Đại học Cần Thơ